Thinking Architecture 3rd ed (Record no. 7277)
[ view plain ]
| 000 -LEADER | |
|---|---|
| fixed length control field | 00261nam a2200109Ia 4500 |
| 008 - FIXED-LENGTH DATA ELEMENTS--GENERAL INFORMATION | |
| fixed length control field | 200302s9999 xx 000 0 und d |
| 100 ## - MAIN ENTRY--PERSONAL NAME | |
| Personal name | Peter Zumthor |
| 245 ## - TITLE STATEMENT | |
| Title | Thinking Architecture 3rd ed |
| 260 ## - PUBLICATION, DISTRIBUTION, ETC. | |
| Name of publisher, distributor, etc. | Birkhauser Verlag Gmbh |
| 260 ## - PUBLICATION, DISTRIBUTION, ETC. | |
| Date of publication, distribution, etc. | 2005 |
| 300 ## - PHYSICAL DESCRIPTION | |
| Extent | 111 |
| Withdrawn status | Lost status | Damaged status | Not for loan | Permanent Location | Current Location | Date acquired | Cost, normal purchase price | Total Checkouts | Total Renewals | Full call number | Barcode | Date last seen | Date last checked out | Price effective from | Koha item type | Source of classification or shelving scheme |
|---|---|---|---|---|---|---|---|---|---|---|---|---|---|---|---|---|
| BMS College of Architecture, Design and Planning | BMS College of Architecture, Design and Planning | 2020-03-03 | 2890.00 | 9 | 1 | 720.1 | AR-UG1179 | 2025-11-17 | 2025-11-10 | 2020-03-03 | UG Books | |||||
| BMS College of Architecture, Design and Planning | BMS College of Architecture, Design and Planning | 2020-12-09 | 9 | 1 | 720.1 | AR-UG1959 | 2024-04-13 | 2024-03-21 | 2020-12-09 | UG Books | ||||||
| BMS College of Architecture, Design and Planning | BMS College of Architecture, Design and Planning | 2020-12-09 | 9 | 1 | 720.1 | AR-UG1958 | 2025-10-14 | 2025-09-26 | 2020-12-09 | UG Books |